1779 1145 1497 1864 1651 1643 1901 1083 1746 1750 1415 1424 1303 1924 1562 1282 1997 1092 1153 1511 1868 1834 1585 1394 1117 1213 1242 1281 1943 1240 1544 1845 1950 1034 1894 1907 1700 1530 1658 1616 1067 1308 1467 1855 1794 1915 1618 1879 1697 1670 1459 1351 1316 1445 1806 1751 1891 1182 1649 1768 1131 1780 1441 1316 1572 1728 1563 1190 1961 1854 1696 1638 1663 1945 1857 1754 1393 1738 1192 1971 1040 1795 1777 1482 1620 1503 1940 1903 1962 1915 1558 1807 1202 1785 1598 1158 1454 1241 1939 BCNSPRNW ULIB Ver.6.0+V

เปลี่ยนเป็นภาษาไทย

Change to English
 แสดงรายละเอียดบรรณานุกรม
  กลับหน้าหลัก

Brief Record : Get Marc (ISO 2709) : E-mail record : QR code < ปิดหน้าต่าง
LEADER : 00000nam 2200000uu 4500
001    13399114375
003     ULIB
008    110719s||||||||th 000 0 tha d
020    9789748327761
099    นว.^bค949ส ล.7
100 1  โยชิคาวะ, เอจิ
245 10 สามก๊ก 7 พิสูจน์ใจกวนอู/^cเอจิ โยชิคาวะ, เรื่อง ; จัน สัมฤทธิ์, แปล
250    พิมพ์ครั้งที่ 2
260    กรุงเทพฯ :^bอมรินทร์คอมมิกส์,^c2550
300    194 หน้า
650  4 สามก๊ก^xการ์ตูน
650  4 วรรณกรรมสำหรับเด็ก
650  4 วรรณกรรมจีน^xการ์ตูน
651  4 จีน^xประวัติศาสตร์^xการ์ตูน
700 0  จัน สัมฤทธิ์
945    ^p158^l0^i024707
995    ทศพร
999 ^a ใช้งานได้ทุกระบบ
รายการนี้ยังไม่มีแท็ก
คุณยังไม่ได้ล็อกอิน คุณสามารถมีกิจกรรมร่วมกับเว็บไซต์ได้ แต่ต้องล็อกอินก่อน ::
  ล็อกอิน

รายการสื่อสารสนเทศ

ลำดับที่ ประเภท เลขเรียก/บาร์โค้ด สถานที่ สถานะ
1. นวนิยาย
นวนิยาย
นว. ค949ส ล.7 ฉ.1 
  Barcode: 024707
ห้องสมุดวิทยาเขตสวรรค์ประชารักษ์
►ส่วนจัดเก็บหนังสือเก่า สปร
บนชั้น
  ขอยืม

รายการใกล้เคียง
    ผู้แต่ง [โยชิคาวะ, เอจิ]

    หัวเรื่อง [วรรณกรรมสำหรับเด็ก]

BibComment


ยังไม่เคยถูกคอมเมนท์

คอมเมนท์ทรัพยากรรายการนี้
  คอมเมนท์: สามก๊ก 7 พิสูจน์..


 Copyright 2026. Bcnsprnw @Library